Statistiche per Ricostruisci la Carriera del Calciatore - Kōstas Manōlas

Clicka qui per fare il quiz!

Statistiche generali

  • Questo quiz è stato fatto 7 volte
  • Il punteggio medio è 6 su 8

Statistiche sulle risposte

HintRisposta% Corretto
2009-2012 AEK Atene
100%
2012-2014 Olympiakos
100%
2014-2019 Roma
100%
2019-2022 Napoli
67%
2024- Salernitana
67%
2022-2024 Sharjah
67%
2008-2009 Thrasyvoulos
67%
2022 Olympiakos
0%

Distribuzione punteggi

Percentile per numero di risposta

Percentuale di utenti per punteggio

I tuoi punteggi nel tempo

Non hai fatto questo quiz